00466nam a2200157 a 450000500170000000800410001704100080005804400070006609000160007310000470008924501080013626000250024430000090026994200150027899900150029320140130115605.0140130b2008 ck ||||| |||| 00| 0 spa d aspa ack aIAVHb01263 aBenavides Molineros, Julia Elizabeth96045 aMantenimiento y desarrollo de productos y servicios de información en el marco del SIBbInforme final aBogotábIAVHc2008 a4 h. cImpreso2z c6718d6718